Kliknij, aby uzupełnić tytuł piosenki - zwierzęta #1 - Statystyki

Ogólne statystyki
  • Ten quiz został rozwiązany 2 868 razy
  • Średni wynik to 6 z 15
Statystyki odpowiedzi
Hint Extra Hint Explanation Odpowiedź % Poprawnych
Rudolph, the Red-Nosed ___ Gene Autry Reindeer
94%
Fly Like An ___ Steve Miller Band Eagle
82%
Eye Of The ___ Survivor Tiger
78%
Dance ___ Tones and I Monkey
74%
The ___ Sleeps Tonight The Tokens Lion
47%
She ___ Shakira Wolf
46%
White ___ Jefferson Airplane Rabbit
31%
___ out of Hell Meat Loaf Bat
29%
___'s in the Cradle Harry Chapin Cat
22%
___ Rock Elton John Crocodile
22%
A ___ With No Name America Horse
22%
Baby ___ Walk Henry Mancini Elephant
16%
Black ___ Led Zeppelin Dog
14%
___ On The Wall The Kinks Ducks
14%
___'s Garden The Beatles Octopus
9%
Nie znaleziono quizów pasujących do podanych kryteriów
Rozkład punktacji
Procent ludzi z każdym wynikiem
Percentyl według liczby udzielonych odpowiedzi
Twoja historia wyników
Nie rozwiązałeś tego quizu